00743nam a22002177a 450000500170000000800410001701000140005802000260007202000230009803500130012103700150013404000180014908200150016710000220018224501750020426000320037927000380041130000350044970000180048470000230050220090617113434.0090617t xxu||||| |||| 00| 0 eng d aENG-94060 a9788189314811c150.00 a8189314815c150.00 aEN-77593 bDBAD / PUB adplbEnglish  a574.015195 aKhandelwal, R.S.  aBio-statistics:cby R.S. Khandelwal, Deepak Gupta [and] Nisha Khandelwal b(for B. Pharma part II and B. Pharma P.G. of Rajasthan Medical and Health University, Jaipur) / aJaipur bAjmera Book c2009 aTripolia Bazar, bJaipur e302002 a(Various pagings) c25cm(pbk)  aGupta, Deepak aKhandelwal, Nisha